| 000 | 00730cab a2200193 4500 | ||
|---|---|---|---|
| 001 | ABS44113 | ||
| 008 | 090401t1991 xxu||||| |||| 00| 0 eng d | ||
| 035 | _a(Sirsi) u45402 | ||
| 041 | _aeng | ||
| 100 | _aMorris, C. | ||
| 245 | _aPerils of subletting | ||
| 260 | _c1991 | ||
| 350 | _a0 | ||
| 490 |
_aEstates Gazette _v(9106) 16 February 1991, 119-120(2) |
||
| 520 | _aAddresses the hidden perils facing a firm which is subletting part of its own office space to a prospective subtenant covering access , security , use of the reception area, subtenants employees and visitors, use of lifts and toilets and subtenants fitting out. | ||
| 690 | _aLANDLORD AND TENANT-BUSINESS TENANCIES | ||
| 942 | _n0 | ||
| 948 | _c04/03/1997 | ||
| 999 |
_c28818 _d28818 |
||